[Event "Giraldilla de La Habana op"]
[Site "Havana"]
[Date "2018.08.03"]
[Round "9"]
[White "Gutierrez Espinosa, Karen"]
[Black "Garcia Torres, Eldys"]
[Result "1-0"]
[WhiteElo "2061"]
[BlackElo "1929"]
[PlyCount "65"]
[EventDate "2018.07.28"]
[EventType "swiss"]
[EventRounds "9"]
[EventCountry "CUB"]
[SourceTitle "EXT 2021"]
[Source "ChessBase"]
[SourceDate "2020.10.23"]
[SourceVersion "1"]
[SourceVersionDate "2020.10.23"]
[SourceQuality "1"]

1. e4 e6 2. d4 d5 3. Nd2 Nf6 4. e5 Nfd7 5. Bd3 c5 6. c3 Nc6 7. Ne2 cxd4 8. cxd4 f6 9. exf6 Nxf6 10. 0-0 Bd6 11. Nf3 Qc7 12. Bg5 0-0 13. Bh4 a6 14. Rc1 Bd7 15. Qc2 h6 16. Bg3 Bxg3 17. hxg3 Qd6 18. Qb1 Rac8 19. Nf4 Nxd4 20. Nxd4 e5 21. Rxc8 Rxc8 22. Nf5 Qc5 23. Ng6 e4 24. Nfe7+ Kh7 25. Nxc8 Qxc8 26. Ne5 exd3 27. Nxd7 Qxd7 28. Qxd3+ Kh8 29. Re1 Kg8 30. Qd4 Kf7 31. Qe5 a5 32. Rc1 Ne8 33. Rc5 1-0

[Event "Giraldilla de La Habana op"]
[Site "Havana"]
[Date "2018.07.31"]
[Round "6"]
[White "Garcia Torres, Eldys"]
[Black "Gonzalez Hernandez, Humberto"]
[Result "1/2-1/2"]
[WhiteElo "1929"]
[BlackElo "1864"]
[PlyCount "32"]
[EventDate "2018.07.28"]
[EventType "swiss"]
[EventRounds "9"]
[EventCountry "CUB"]
[SourceTitle "EXT 2021"]
[Source "ChessBase"]
[SourceDate "2020.10.23"]
[SourceVersion "1"]
[SourceVersionDate "2020.10.23"]
[SourceQuality "1"]

1. e4 d5 2. exd5 Qxd5 3. Nc3 Qa5 4. d4 Nf6 5. Nf3 c6 6. Bc4 Bf5 7. Bd2 e6 8. Nd5 Qd8 9. Nxf6+ gxf6 10. Bb3 Nd7 11. Qe2 Qc7 12. Nh4 Bg6 13. 0-0-0 0-0-0 14. g3 Bd6 15. Nxg6 hxg6 16. h4 Rdg8 1/2-1/2